| 000 | 00365nam a2200145 4500 | ||
|---|---|---|---|
| 020 | _a9780070648074 | ||
| 082 | _a621.3815 BAL | ||
| 100 | _aBali, S.P. | ||
| 245 | _aLinear Integrated Circuits | ||
| 260 |
_aNew Delhi, India _bMcGraw Hill _c2008 |
||
| 300 |
_axix, 491 p. _bill. ; |
||
| 500 | _aIncludes index. | ||
| 650 | _aLinear integrated circuits. | ||
| 942 | _cBK | ||
| 999 |
_c12368 _d12368 |
||